Notas para una historia social reciente del periodismo escrito en México (1988-2003) /

সংরক্ষণ করুন:
গ্রন্থ-পঞ্জীর বিবরন
প্রধান লেখক: Karam, Tanius
বিন্যাস: পাঠ‍্য
বিষয়গুলি:
ট্যাগগুলো: ট্যাগ যুক্ত করুন
কোনো ট্যাগ নেই, প্রথমজন হিসাবে ট্যাগ করুন!

MARC

LEADER 00000 a a2200000 04500
001 9012
003
040
100 |a Karam, Tanius  
245 |a Notas para una historia social reciente del periodismo escrito en México (1988-2003) /  |c Tanius Karam 
500 |a Resumen también en francés  
650 |a PRENSA  
650 |a PODER  
650 |a ADMINISTRACION DE LA INFORMACION  
650 |a PRESIDENCIA  
650 |a SOCIEDAD  
650 |a GOBIERNO  
650 |a MEXICO  
650 |a PRENSA  
773 |g número 199; páginas 31-45  
999 |c 25381  |d 25381